000 00344 a2200157 4500
001 15120
020 _a9788547303556
040 _cAnchieta - Aquarius
100 _aSydenstricker, Iara
240 1 0 _aVictor inventa
_lpor
245 1 0 _aVictor inventa
300 _a27
362 0 _a2016
650 4 _aLiteratura infanto-juvenil
942 _cBK
999 _c15120
_d15120